Normal view
MARC view
Entry Topical Term
001 - CONTROL NUMBER
- control field: 11656
003 - CONTROL NUMBER IDENTIFIER
- control field: ARRUPE
005 - DATE AND TIME OF LATEST TRANSACTION
- control field: 20140924175238.0
008 - FIXED-LENGTH DATA ELEMENTS
- fixed length control field: 140924|| aca||aabn | a|a d
040 ## - CATALOGING SOURCE
- Original cataloging agency: ARRUPE
- Transcribing agency: ARRUPE
150 ## - HEADING--TOPICAL TERM
- Topical term or geographic name as entry element: Human rights
- General subdivision: Religious aspects
- General subdivision: Judaism.
670 ## - SOURCE DATA FOUND
- Source citation: Work cat.: (ARRUPE)0: Goodman, Lenn Evan, 1944- 11655, Judaism, human rights, and human values /, c1998.